|
|
|
|
| LEADER |
00000nam0a2200000 4500 |
| 001 |
258351 |
| 005 |
20231101233305.0 |
| 020 |
|
|
|a RU
|b 88-22137
|
| 035 |
|
|
|a (RuTPU)RU\TPU\book\281200
|
| 090 |
|
|
|a 258351
|
| 100 |
|
|
|a 20140424d1988 m a0rusy5003 ca
|
| 101 |
0 |
|
|a rus
|
| 102 |
|
|
|a LV
|
| 105 |
|
|
|a a j 001zy
|
| 200 |
1 |
|
|a Геометрические методы в теории эквивариантных векторных полей
|e учебное пособие
|f З. И. Баланов
|g Рижский политехнический институт
|
| 210 |
|
|
|a Рига
|c Изд-во РПИ
|d 1988
|
| 215 |
|
|
|a 92 с.
|c ил.
|
| 320 |
|
|
|a Библиогр.: с. 88-90 (33 назв.)
|
| 606 |
1 |
|
|a Нелинейные уравнения
|2 stltpush
|3 (RuTPU)RU\TPU\subj\45335
|9 64585
|
| 610 |
1 |
|
|a учебные пособия
|
| 610 |
1 |
|
|a геометрические методы
|
| 610 |
1 |
|
|a векторные поля
|
| 675 |
|
|
|a 517.98(075.8)
|z rus
|
| 700 |
|
1 |
|a Баланов
|b З. И.
|g Зальман Исаакович
|
| 712 |
0 |
2 |
|a Рижский политехнический институт
|2 stltpush
|3 (RuTPU)RU\TPU\col\7561
|9 24345
|
| 801 |
|
0 |
|a RU
|b RuMRKP
|c 19950417
|g psbo
|
| 801 |
|
1 |
|a RU
|b 63413507
|c 20140424
|
| 801 |
|
2 |
|a RU
|b 63413507
|c 20141013
|g RCR
|
| 942 |
|
|
|c BK
|